Cómo enseñar utilizando las redes sociales
Tallennettuna:
| Päätekijät: | , , , , , , , , , , , , , |
|---|---|
| Muut tekijät: | , |
| Aineistotyyppi: | Kirja |
| Kieli: | espanja |
| Julkaistu: |
Cuernavaca
Alfaomega
2013
|
| Painos: | 1a. ed |
| Aiheet: | |
| Tagit: |
Lisää tagi
Ei tageja, Lisää ensimmäinen tagi!
|
MARC
| LEADER | 00000cam a2200000 a 4500 | ||
|---|---|---|---|
| 001 | UCE9185 | ||
| 003 | CL-VaPUC | ||
| 008 | 151002e20130000mx |||||||||||||||||spa|d | ||
| 020 | |a 9786077076209 | ||
| 082 | 0 | 4 | |a 371.3944 |b CAB |2 21 |
| 100 | 0 | |a Caballero, Sybil |e author |9 581919 | |
| 700 | 0 | |a Castro-Acuña, Gonzalo de |e author |9 581920 | |
| 700 | 0 | |a Corretgé, Dolores |e author |9 581921 | |
| 700 | 0 | |a Fuentes, Marta |e author |9 581922 | |
| 700 | 0 | |a Hernández, José |e author |9 313851 | |
| 700 | 0 | |a Iglesias, Luis Miguel |e author |9 581923 | |
| 700 | 0 | |a López, Camilo |e author |9 581924 | |
| 700 | 0 | |a Mallarach, Marta |e author |9 581925 | |
| 700 | |a Martín López, José Luis |e autor |9 581926 | ||
| 700 | 0 | |a Mateos-Aparicio, Miguel |e author |9 581927 | |
| 700 | |a Muñiz Troyano, Javier |e autor |9 577866 | ||
| 700 | 0 | |a Peña, Rosario |e author |9 581929 | |
| 700 | 0 | |a Quintanal, Felipe |e author |9 581930 | |
| 700 | 0 | |a Ramos, Blanca |e author |9 581931 | |
| 700 | 0 | |a Sayat, Cristina |e author |9 581932 | |
| 700 | 0 | |a Segovia, Juan Pablo |e author |9 581933 | |
| 245 | 1 | 0 | |a Cómo enseñar utilizando las redes sociales |
| 250 | |a 1a. ed | ||
| 300 | |a 320 p | ||
| 942 | |c BK | ||
| 945 | |d 20151002 15:56:00 |a dcastane | ||
| 260 | |a Cuernavaca |b Alfaomega |c 2013 | ||
| 650 | 7 | |a EDUCACION INFORMAL |2 CL-VaPUC |9 334220 | |
| 650 | 0 | |a Métodos de enseñanza |9 270413 | |
| 650 | 0 | |a Internet |9 254823 | |
| 650 | 7 | |a DIFUSION DE LA INFORMACION |2 CL-VaPUC |9 337810 | |
| 650 | 0 | |a Redes sociales |9 327959 | |
| 583 | |a last modification |c 20151013 03:44:18 |k Rodrigo Vera | ||
| 999 | |c 360870 |d 360868 | ||
| 952 | |0 0 |1 0 |3 erb |4 0 |6 371_394400000000000_CAB_2013 |7 0 |8 A |9 471064 |a BIBING |b BIBING |i 5240905 |o 371.3944 CAB 2013 |p 5240905 |r 2025-01-20 |w 2019-11-24 |y BK |z Catalogado en:20151002 |k CCI | ||
| 952 | |0 0 |1 0 |3 erb |4 0 |6 371_394400000000000_CAB_2013 |7 0 |8 A |9 471065 |a BIBING |b BIBING |i 5240913 |o 371.3944 CAB 2013 |p 5240913 |r 2025-01-20 |w 2019-11-24 |y BK |z Catalogado en:20151002 |k CCI | ||
| 952 | |0 0 |1 0 |3 erb |4 0 |6 371_394400000000000_CAB_2013 |7 0 |8 A |9 471066 |a BIBING |b BIBING |i 5240921 |o 371.3944 CAB 2013 |p 5240921 |r 2025-01-20 |w 2019-11-24 |y BK |z Catalogado en:20151002 |k CCI | ||
| 952 | |0 0 |1 0 |3 erb |4 0 |6 371_394400000000000_CAB_2013 |7 0 |8 A |9 471067 |a BIBING |b BIBING |i 524093K |o 371.3944 CAB 2013 |p 524093K |r 2025-01-20 |w 2019-11-24 |y BK |z Catalogado en:20151002 |k CCI | ||
| 952 | |0 0 |1 0 |3 erb |4 0 |6 371_394400000000000_CAB_2013 |7 0 |8 A |9 471068 |a BIBING |b BIBING |i 5240948 |o 371.3944 CAB 2013 |p 5240948 |r 2025-01-20 |w 2019-11-24 |y BK |z Catalogado en:20151002 |k CCI | ||
| 952 | |0 0 |1 0 |3 erb |4 0 |6 371_394400000000000_CAB_2013 |7 0 |8 A |9 471069 |a BIBING |b BIBING |i 5240956 |o 371.3944 CAB 2013 |p 5240956 |r 2025-01-20 |w 2019-11-24 |y BK |z Catalogado en:20151002 |k CCI | ||
| 952 | |0 0 |1 0 |3 erb |4 0 |6 371_394400000000000_CAB_2013 |7 0 |8 A |9 471070 |a BIBING |b BIBING |i 5240964 |o 371.3944 CAB 2013 |p 5240964 |r 2025-01-20 |w 2019-11-24 |y BK |z Catalogado en:20151002 |k CCI | ||
| 952 | |0 0 |1 0 |3 erb |4 0 |6 371_394400000000000_CAB_2013 |7 0 |8 A |9 471071 |a BIBING |b BIBING |i 5243017 |o 371.3944 CAB 2013 |p 5243017 |r 2025-01-20 |w 2019-11-24 |y BK |z Catalogado en:20151016 |k CCI | ||
| 952 | |0 0 |1 0 |3 erb |4 0 |6 371_394400000000000_CAB_2013 |7 0 |8 A |9 471072 |a BIBING |b BIBING |i 5243025 |o 371.3944 CAB 2013 |p 5243025 |r 2025-01-20 |w 2019-11-24 |y BK |z Catalogado en:20151016 |k CCI | ||
| 952 | |0 0 |1 0 |3 erb |4 0 |6 371_394400000000000_CAB_2013 |7 0 |8 A |9 471073 |a BIBING |b BIBING |i 5243033 |o 371.3944 CAB 2013 |p 5243033 |r 2025-01-20 |w 2019-11-24 |y BK |z Catalogado en:20151016 |k CCI | ||